| 000 | 00152nam a22000617a 4500 | ||
|---|---|---|---|
| 999 |
_c24008 _d24008 |
||
| 003 | Nust | ||
| 005 | 20170412132921.0 | ||
| 008 | 140430b xxu||||| |||| 00| 0 eng d | ||
| 010 | _a9836445 | ||
| 020 | _a0070603499 | ||
| 040 |
_aDLC _bDLC _cRCMS |
||
| 082 | _a621.3822ROR | ||
| 100 | _aRorabangh Britlon C | ||
| 245 | _aDSP Primer | ||
| 260 |
_aNew Delhi _bTata McGraw-Hill _cc2005 |
||
| 300 |
_axvi,518,p: _bill: _c26,cm. _eCD. |
||
| 538 | _iShelf # 15, Row # 3, Communication. | ||
| 650 | _aElectrical Engineerin | ||
| 856 | _3Table of Content Only | ||
| 942 |
_2ddc _cBK |
||